Statistics for Countries with the Oldest Populations

Click here to take the quiz!

General Stats

  • This quiz has been taken 1,174 times
  • The average score is 14 of 20

Answer Stats

#% of Population Over 65Answer% Correct
2.21.60%Japan
93%
3.20.00%Germany
88%
7.17.90%Spain
87%
4.20.00%Italy
86%
18.16.30%France
86%
6.18.30%Sweden
85%
16.16.60%Finland
80%
12.17.40%Portugal
78%
5.19.10%Greece
75%
8.17.70%Austria
75%
11.17.50%Belgium
71%
1.22.80%Monaco
61%
10.17.60%Estonia
59%
13.17.20%San Marino
58%
15.16.90%Latvia
58%
19.16.30%Slovenia
57%
14.17.00%Croatia
55%
20.16.10%Ukraine
54%
9.17.60%Bulgaria
49%
17.16.60%Georgia
18%

Score Distribution

Percentile by Number Answered

Percent of People with Each Score

Your Score History

You have not taken this quiz